000 00919cab a2200289 4500
001 ABS49165
008 090401t1993 xxu||||| |||| 00| 0 eng d
035 _a(Sirsi) u70230
041 _aeng
100 _aNorris, T.L.
245 _aWhose land is it anyway?
260 _c1993
350 _a0
490 _aSolicitors` Journal
_v137(33) 27 August 1993, 842-843(2)
520 _aExplains how to discover if there is a public right of way over a property.
650 _aBOSELEY V ANGLES AND COURT
650 _aBRIDLEWAYS
650 _aDEFINITIVE MAPS
650 _aFOOTPATHS
650 _aLOCLA AUTHORITIES (RECOVERY OF COSTS FOR PUBLIC PATHS ORDER) REGULATIO
650 _aNATIONAL PARKS AND ACCESS TO THE COUNTRYSIDE ACT 1949 S27
650 _aSEARCHES
650 _aWILDLIFE AND COUNTRYSIDE ACT 1981 S53
690 _aHIGHWAYS RIGHTS OF WAY AND EASEMENTS
942 _n0
948 _c04/03/1997
999 _c44175
_d44175